000 00469nam a2200169Ia 4500
008 191130s2008##################000#0#eng##
020 _a9780750659086
040 _aACL
_cACL
082 _a332.042
245 _aFinance of international trade
_cEric Bishop
260 _aOxford ; Boston
_bButterworth - Heinemann
_c2008
300 _axiii, 207 p ; 23 cm
650 _aEconomics
990 _a2dd21b92ac10000c363def339acf6041
991 _a148403
999 _c183542
_d183542